000 00638cam a2200229 4500500
005 20260329002249.0
041 _afre
042 _adc
100 1 0 _aLegros, Martin
_eauthor
245 0 0 _aQu’est-ce qu’un bon Président?
260 _c2011.
500 _a78
690 _aDémocratie
690 _aDroite
690 _aGauche
690 _aNation
690 _aOpinion
690 _aPopulisme
690 _aPrésident
786 0 _nPhilosophie magazine | 53 | 10 | 2011-10-01 | p. 24-24 | 1951-1787
856 4 1 _uhttps://shs.cairn.info/magazine-philosophie-magazine-2011-10-page-24?lang=fr&redirect-ssocas=7080
999 _c1813310
_d1813310